[Event "POL-ch U16 Girls"]
[Site "Wisla"]
[Date "2000.??.??"]
[Round "2"]
[White "Kania, Izabela"]
[Black "Rutkowska, Agnieszka"]
[Result "0-1"]
[WhiteElo "1600"]
[BlackElo "1800"]
[PlyCount "58"]
[EventDate "2000.02.26"]
[EventType "swiss"]
[EventRounds "11"]
[EventCountry "POL"]
[SourceTitle "EXT 2005"]
[Source "ChessBase"]
[SourceDate "2004.11.15"]
[SourceVersion "1"]
[SourceVersionDate "2004.11.15"]
[SourceQuality "1"]

1. e4 d6 2. d4 Nf6 3. Nc3 g6 4. f3 c6 5. Be3 Bg7 6. Qd2 b5 7. g4 Qa5 8. h4 b4 9. Nd1 Nbd7 10. g5 Nh5 11. Ne2 c5 12. b3 Ba6 13. c4 bxc3 14. Ndxc3 cxd4 15. Bxd4 Ne5 16. Kf2 Nd3+ 17. Kg2 Nhf4+ 18. Nxf4 Nxf4+ 19. Kh2 Bxf1 20. Rhxf1 Be5 21. Kh1 h6 22. Qxf4 Bxf4 23. Bxh8 Kd7 24. Bg7 hxg5 25. Nd5 Qd2 26. Nxf4 Qxf4 27. Bb2 e5 28. Bc1 Qxh4+ 29. Kg2 Rh8 0-1

[Event "POL-ch U16 Girls"]
[Site "Wisla"]
[Date "2000.??.??"]
[Round "9"]
[White "Skurzak, Joanna"]
[Black "Rutkowska, Agnieszka"]
[Result "0-1"]
[WhiteElo "1800"]
[BlackElo "1800"]
[PlyCount "74"]
[EventDate "2000.02.26"]
[EventType "swiss"]
[EventRounds "11"]
[EventCountry "POL"]
[SourceTitle "EXT 2005"]
[Source "ChessBase"]
[SourceDate "2004.11.15"]
[SourceVersion "1"]
[SourceVersionDate "2004.11.15"]
[SourceQuality "1"]

1. e4 d6 2. d4 Nf6 3. Nc3 g6 4. Be3 Bg7 5. f3 c6 6. Qd2 b5 7. Nge2 Nbd7 8. g4 Qb6 9. Bg2 Bb7 10. h4 c5 11. h5 b4 12. Nd1 gxh5 13. g5 Ng8 14. Rxh5 Ba6 15. Bh3 Bxe2 16. Bxd7+ Kxd7 17. dxc5 Qb5 18. Qxe2 Qxe2+ 19. Kxe2 Rc8 20. f4 dxc5 21. e5 f6 22. exf6 exf6 23. gxf6 Bf8 24. Nf2 Nxf6 25. Rd1+ Kc6 26. Rf5 Nd7 27. Rfd5 Nb6 28. Rf5 Re8 29. Rf6+ Kb5 30. b3 h5 31. Rf7 Re7 32. Rf5 Re6 33. Kf3 Kc6 34. Ne4 Nd7 35. Rf7 Be7 36. Rg1 Bf6 37. Rg6 Rhe8 0-1

[Event "POL-ch U16 Girls"]
[Site "Wisla"]
[Date "2000.??.??"]
[Round "5"]
[White "Vine, Elzbieta"]
[Black "Rutkowska, Agnieszka"]
[Result "1/2-1/2"]
[WhiteElo "1800"]
[BlackElo "1800"]
[PlyCount "53"]
[EventDate "2000.02.26"]
[EventType "swiss"]
[EventRounds "11"]
[EventCountry "POL"]
[SourceTitle "EXT 2005"]
[Source "ChessBase"]
[SourceDate "2004.11.15"]
[SourceVersion "1"]
[SourceVersionDate "2004.11.15"]
[SourceQuality "1"]

1. e4 d6 2. d4 Nf6 3. Nc3 g6 4. f4 Bg7 5. Nf3 0-0 6. Be3 a6 7. a4 Nbd7 8. Qd2 c5 9. dxc5 Nxc5 10. Bxc5 dxc5 11. Qxd8 Rxd8 12. Bc4 b6 13. e5 Ng4 14. Nd5 Ra7 15. h3 e6 16. Nxb6 Ne3 17. Kf2 Nxc2 18. Rac1 Nb4 19. Nxc8 Rxc8 20. Rhd1 h6 21. Rd6 Rb8 22. b3 Na2 23. Rc2 Nb4 24. Rcd2 Bf8 25. Rd7 Rba8 26. g4 Be7 27. Ke2 1/2-1/2